[Event "4NCL Division 3 South"]
[Site "Milton Keynes, ENG"]
[Date "2022.06.26"]
[Round "8.93"]
[White "Parikh, Naavya"]
[Black "Alderson, John K A"]
[Result "1/2-1/2"]
[WhiteElo "1665"]
[BlackElo "1781"]
[PlyCount "70"]
[EventDate "2022.??.??"]
[WhiteTeam "Cambridge University Y"]
[BlackTeam "Iceni 2"]

1. e4 d6 2. d4 Nf6 3. Nc3 e5 4. dxe5 dxe5 5. Qxd8+ Kxd8 6. Nf3 Bd6 7. Bc4 Be6
8. Bxe6 fxe6 9. a3 Ke7 10. O-O c6 11. b3 Nbd7 12. Bb2 b5 13. Nd2 g5 14. Ne2 h5
15. g3 g4 16. f3 h4 17. fxg4 Bc5+ 18. Kh1 Nxg4 19. Nf3 Nf2+ 20. Rxf2 Bxf2 21.
Kg2 hxg3 22. hxg3 Bc5 23. Nxe5 Nxe5 24. Bxe5 Rh5 25. Bc3 Rah8 26. Bxh8 Rxh8 27.
b4 Bb6 28. Rf1 Rd8 29. Rc1 Be3 30. Rh1 Rd2 31. Kf3 Bb6 32. Rc1 Kf6 33. c4 Rd3+
34. Kg2 Rxa3 35. cxb5 cxb5 1/2-1/2

[Event "4NCL Division 3 South"]
[Site "Milton Keynes, ENG"]
[Date "2022.06.26"]
[Round "8.94"]
[White "Gaffney, Samuel"]
[Black "Evans, Daniel"]
[Result "0-1"]
[WhiteElo "1854"]
[BlackElo "1586"]
[PlyCount "62"]
[EventDate "2022.??.??"]
[WhiteTeam "Iceni 2"]
[BlackTeam "Cambridge University Y"]

1. d4 d5 2. c4 c6 3. Nf3 Bf5 4. Nc3 e6 5. e3 Nf6 6. Be2 Nbd7 7. O-O Bd6 8. h3
g5 9. Nh2 h5 10. cxd5 exd5 11. Bd3 Bxd3 12. Qxd3 Qc7 13. f4 g4 14. e4 dxe4 15.
Nxe4 O-O-O 16. Nxf6 Nxf6 17. Qf5+ Nd7 18. hxg4 hxg4 19. Nxg4 Qb6 20. Be3 Qxb2
21. Rfc1 Kb8 22. Rab1 Qxa2 23. Rxc6 Rh5 24. Qxh5 Qxb1+ 25. Rc1 Qb3 26. d5 Nf6
27. Qh3 Qb2 28. Qh4 Be7 29. Nxf6 Bxf6 30. Qh7 Bd4 31. Qe4 Qxc1+ 0-1

[Event "4NCL Division 3 South"]
[Site "Milton Keynes, ENG"]
[Date "2022.06.26"]
[Round "8.95"]
[White "Sivanandan, Bodhana"]
[Black "Rosenbaum, Danny"]
[Result "1-0"]
[WhiteElo "1568"]
[BlackElo "1628"]
[PlyCount "63"]
[EventDate "2022.??.??"]
[WhiteTeam "Cambridge University Y"]
[BlackTeam "Iceni 2"]

1. e4 e6 2. d4 d5 3. exd5 exd5 4. Nf3 Nf6 5. Bd3 Bd6 6. O-O O-O 7. Bg5 Bg4 8.
Nbd2 Nbd7 9. c3 c6 10. h3 Bh5 11. Re1 Qc7 12. Qc2 h6 13. Be3 Rae8 14. a3 b6 15.
b4 b5 16. a4 a6 17. axb5 axb5 18. Be2 Bg6 19. Bd3 Bxd3 20. Qxd3 Ne4 21. Nb3 f5
22. Nc5 Ra8 23. Ne6 Qb7 24. Nxf8 Rxf8 25. Bc1 Ndf6 26. Ne5 Nh5 27. Qf3 Nhf6 28.
Qxf5 Bxe5 29. dxe5 Nd7 30. Qg6 Kh8 31. Be3 Rf7 32. Ra7 1-0

[Event "4NCL Division 3 South"]
[Site "Milton Keynes, ENG"]
[Date "2022.06.26"]
[Round "8.96"]
[White "Carter, Dominic A"]
[Black "Jayakumar, Bharath"]
[Result "1-0"]
[WhiteElo "1664"]
[BlackElo "1498"]
[PlyCount "53"]
[EventDate "2022.??.??"]
[WhiteTeam "Iceni 2"]
[BlackTeam "Cambridge University Y"]

1. d4 d5 2. Nf3 Nf6 3. Bg5 Nbd7 4. e3 e6 5. Bd3 Be7 6. Nbd2 b6 7. c3 Bb7 8. Qa4
c6 9. h3 O-O 10. O-O Qc7 11. Bf4 Qd8 12. Rac1 a6 13. Bb1 Rc8 14. Qc2 c5 15. Ne5
cxd4 16. exd4 b5 17. Nxd7 Qxd7 18. Be5 g6 19. Qd3 Bc6 20. Qe3 Qd8 21. g4 Ne8
22. Nf3 Nd6 23. Qh6 Bf6 24. Ng5 Re8 25. Qxh7+ Kf8 26. Bxd6+ Qxd6 27. Qxf7# 1-0

[Event "4NCL Division 3 South"]
[Site "Milton Keynes, ENG"]
[Date "2022.06.26"]
[Round "8.101"]
[White "Nguyen, Anh"]
[Black "Maciol, Ryszard"]
[Result "0-1"]
[WhiteElo "1700"]
[BlackElo "2136"]
[PlyCount "94"]
[EventDate "2022.06.26"]
[WhiteTeam "Sussex Martlets 3"]
[BlackTeam "Celtic Tigers 2"]

1. e4 e6 2. d4 d5 3. Nc3 Bb4 4. e5 b6 5. a3 Bf8 6. f4 Ne7 7. Nf3 Qd7 8. Bd2 Bb7
9. b4 Nbc6 10. Bd3 Nf5 11. Ne2 O-O-O 12. c3 Kb8 13. Ng3 g6 14. Nxf5 exf5 15.
Kf2 Bg7 16. Re1 Rde8 17. Qb3 f6 18. exf6 Bxf6 19. g3 Nd8 20. Re3 Rxe3 21. Bxe3
Qg7 22. Rc1 Re8 23. h4 Nf7 24. a4 Nd6 25. Ne5 h6 26. b5 g5 27. h5 gxf4 28. Bxf4
Bg5 29. Rg1 Qe7 30. Rh1 Ka8 31. Qc2 Qf6 32. Qc1 Rg8 33. Re1 Ne4+ 34. Bxe4 fxe4
35. Rg1 Qf5 36. Ng6 Re8 37. Qe3 Bxf4 38. Nxf4 Rf8 39. Ke2 Bc8 40. Rg2 Qg5 41.
Kd2 Bg4 42. Rh2 Bf3 43. Rh3 Qg4 44. Rh4 Qxg3 45. Ng6 Rf5 46. Rf4 Qg2+ 47. Kc1
Rxh5 0-1

[Event "4NCL Division 3 South"]
[Site "Milton Keynes, ENG"]
[Date "2022.06.26"]
[Round "8.102"]
[White "Kouis, Marios"]
[Black "Finn, Elizabeth"]
[Result "1-0"]
[WhiteElo "2170"]
[BlackElo "1667"]
[PlyCount "81"]
[EventDate "2022.06.26"]
[WhiteTeam "Celtic Tigers 2"]
[BlackTeam "Sussex Martlets 3"]

1. d4 d5 2. c4 e6 3. Nc3 Nf6 4. Nf3 Nbd7 5. Bf4 Bb4 6. a3 Bxc3+ 7. bxc3 b6 8.
cxd5 Nxd5 9. Bd2 Bb7 10. e4 Ne7 11. Bd3 O-O 12. O-O c5 13. Qe2 Rc8 14. Rfd1 Ng6
15. e5 Qe7 16. Ng5 h6 17. Ne4 Bxe4 18. Qxe4 Rfd8 19. g3 Ngf8 20. Be3 f6 21.
exf6 Nxf6 22. Qf3 cxd4 23. Bxd4 Nd5 24. Re1 Qd7 25. Ba6 Ra8 26. a4 Nc7 27. Bb7
Rab8 28. Bc6 Qe7 29. a5 Nd5 30. Bxd5 bxa5 31. Rxa5 Rbc8 32. Rxa7 Rd7 33. Rxd7
Qxd7 34. Bb3 Rb8 35. Bc2 Rb2 36. Qe4 Qd6 37. Ra1 e5 38. Bxe5 Qb6 39. Ra8 g6 40.
Qd5+ Kh7 41. Qf7# 1-0

[Event "4NCL Division 3 South"]
[Site "Milton Keynes, ENG"]
[Date "2022.06.26"]
[Round "8.103"]
[White "Wannasin Bell, Charlie"]
[Black "Kitchen, Peter J"]
[Result "0-1"]
[WhiteElo "1578"]
[BlackElo "1880"]
[PlyCount "46"]
[EventDate "2022.06.26"]
[WhiteTeam "Sussex Martlets 3"]
[BlackTeam "Celtic Tigers 2"]

1. e4 e6 2. d4 d5 3. Nc3 Nf6 4. Bg5 dxe4 5. Nxe4 Nbd7 6. Nf3 h6 7. Bxf6 Nxf6 8.
Bd3 Nxe4 9. Bxe4 c5 10. c3 Be7 11. Ne5 O-O 12. O-O Qc7 13. f4 Rd8 14. Qh5 Bf8
15. f5 exf5 16. Bxf5 g6 17. Bxg6 fxg6 18. Nxg6 Qg7 19. Rf3 Bd6 20. Re1 cxd4 21.
Ne5 Bxe5 22. Qh4 Bg4 23. Rfe3 Re8 0-1

[Event "4NCL Division 3 South"]
[Site "Milton Keynes, ENG"]
[Date "2022.06.26"]
[Round "8.104"]
[White "Macleod, Andrew"]
[Black "Woods, Timothy J"]
[Result "1-0"]
[WhiteElo "1639"]
[BlackElo "1635"]
[PlyCount "89"]
[EventDate "2022.06.26"]
[WhiteTeam "Celtic Tigers 2"]
[BlackTeam "Sussex Martlets 3"]

1. d4 d6 2. Nf3 g6 3. c4 Nf6 4. Nc3 Bg7 5. e4 O-O 6. g3 e5 7. d5 a5 8. Bg2 Na6
9. O-O Nc5 10. Ne1 Re8 11. Nd3 b6 12. Re1 Bd7 13. b3 Ncxe4 14. Nxe4 Nxe4 15.
Bxe4 f5 16. Bg2 e4 17. Nb2 a4 18. Rb1 a3 19. Na4 b5 20. cxb5 Bxb5 21. Bxa3 Bd3
22. Rc1 Bh6 23. Ra1 Bg7 24. Bb2 Bh6 25. Bd4 c5 26. dxc6 Qc7 27. Nb2 Bb5 28. Bc3
Bxc6 29. Qd4 Bg7 30. Qc4+ d5 31. Qc5 Bf8 32. Qe3 Bb7 33. Bd4 Qd7 34. Na4 Rad8
35. Rac1 Qf7 36. Rc2 Bd6 37. Bf1 f4 38. Qd2 e3 39. fxe3 fxg3 40. hxg3 Bxg3 41.
Rec1 Qf5 42. Bd3 Qg5 43. Qg2 Rxe3 44. Rc7 Bh2+ 45. Kh1 1-0

[Event "4NCL Division 3 South"]
[Site "Milton Keynes, ENG"]
[Date "2022.06.26"]
[Round "8.105"]
[White "Holmes, Adam Rafael"]
[Black "Perchard, Matthew"]
[Result "0-1"]
[WhiteElo "1414"]
[BlackElo "1446"]
[PlyCount "32"]
[EventDate "2022.06.26"]
[WhiteTeam "Sussex Martlets 3"]
[BlackTeam "Celtic Tigers 2"]

1. d4 d5 2. c4 c6 3. Nc3 Nf6 4. Nf3 e6 5. Bg5 Nbd7 6. e3 Bd6 7. c5 Bc7 8. a3 b6
9. b4 a5 10. Qa4 b5 11. Qd1 O-O 12. Bd3 e5 13. e4 Qe8 14. O-O exd4 15. Nxd4 Qe5
16. Bxf6 Qxh2# 0-1

[Event "4NCL Division 3 South"]
[Site "Milton Keynes, ENG"]
[Date "2022.06.26"]
[Round "8.106"]
[White "Osseiran, Nadim"]
[Black "Blades, Kit"]
[Result "0-1"]
[WhiteElo "1233"]
[BlackElo "1488"]
[PlyCount "78"]
[EventDate "2022.06.26"]
[WhiteTeam "Celtic Tigers 2"]
[BlackTeam "Sussex Martlets 3"]

1. e4 c5 2. Nf3 e6 3. c3 Nc6 4. Be2 Qc7 5. d4 cxd4 6. cxd4 Nf6 7. e5 Bb4+ 8.
Bd2 Nd5 9. Bxb4 Ncxb4 10. Nc3 Nxc3 11. Rc1 Nxd1 12. Rxc7 Nxb2 13. O-O Nd5 14.
Rc2 Na4 15. Rfc1 Ke7 16. Nd2 d6 17. Ne4 dxe5 18. dxe5 Bd7 19. g3 Rac8 20. Rxc8
Rxc8 21. Rxc8 Bxc8 22. Nd6 Nab6 23. f4 Nc3 24. Bf3 Nxa2 25. Nxc8+ Nxc8 26. Bxb7
Nb6 27. Kf2 a5 28. Be4 g6 29. Ke2 Nc3+ 30. Ke3 Nxe4 31. Kxe4 a4 32. Kd3 Kd7 33.
Kc3 a3 34. Kb3 Nc4 35. Ka2 Kc6 36. g4 Kd5 37. h4 Ke4 38. f5 exf5 39. gxf5 gxf5
0-1

[Event "4NCL Division 3 South"]
[Site "Milton Keynes, ENG"]
[Date "2022.06.26"]
[Round "8.111"]
[White "Smith, Henry"]
[Black "Smith, Mark"]
[Result "0-1"]
[WhiteElo "1532"]
[BlackElo "1807"]
[PlyCount "106"]
[EventDate "2022.06.26"]
[WhiteTeam "Barnet Knights D"]
[BlackTeam "Barnet Knights C"]

1. d4 e6 2. c4 b6 3.
Nc3 Bb4 4. Bd2 Bb7 5. f3 Qh4+ 6. g3 Qxd4 7. Nb5 Qxb2 8. Bxb4 Qxb4+ 9. Qd2 Qxd2+
10. Kxd2 Na6 11. e4 Ne7 12. Bd3 h5 13. a4 Nc6 14. Rb1 O-O-O 15. f4 Nc5 16. Ne2
a6 17. Nbc3 Na5 18. Nd4 Nxd3 19. Kxd3 f5 20. Rhe1 g6 21. exf5 gxf5 22. Nb3 Nxb3
23. Rxb3 h4 24. a5 hxg3 25. hxg3 bxa5 26. Reb1 Be4+ 27. Nxe4 fxe4+ 28. Kxe4 d6
29. Ra1 Rh5 30. Rba3 Rc5 31. Kd4 Rg8 32. Rxa5 Rxa5 33. Rxa5 Rxg3 34. Rxa6 Rg4
35. Ke3 Kd7 36. Kf3 Rg1 37. Ke2 Rg3 38. Kf2 Rc3 39. Ra4 Kc6 40. Ke2 Kc5 41. Ra7
c6 42. Re7 Rxc4 43. Rxe6 Rxf4 44. Ke3 Rf5 45. Ke4 Re5+ 46. Rxe5+ dxe5 47. Kxe5
Kc4 48. Ke4 Kc3 49. Ke3 c5 50. Ke2 Kc2 51. Ke1 c4 52. Ke2 c3 53. Ke1 Kb2 0-1

[Event "4NCL Division 3 South"]
[Site "Milton Keynes, ENG"]
[Date "2022.06.26"]
[Round "8.112"]
[White "Sanfey, Gregor"]
[Black "Pang, Ethan"]
[Result "1-0"]
[WhiteElo "1748"]
[BlackElo "1405"]
[PlyCount "93"]
[EventDate "2022.06.26"]
[WhiteTeam "Barnet Knights C"]
[BlackTeam "Barnet Knights D"]

1. Nf3 Nf6 2. g3 e6 3. c4 b6 4. Bg2 Bb7 5. b3 d6 6. Bb2 Nbd7 7. O-O Be7 8. d4
O-O 9. Nc3 c5 10. e3 Qc7 11. Ne1 Bxg2 12. Nxg2 a6 13. Nf4 Rfd8 14. d5 e5 15.
Ng2 Rab8 16. a4 Bf8 17. g4 h6 18. h4 Nh7 19. f4 exf4 20. exf4 g6 21. f5 g5 22.
Ne4 Re8 23. Ng3 Be7 24. f6 Bxf6 25. Bxf6 Nhxf6 26. Nf5 Kh7 27. hxg5 hxg5 28.
Qd2 Ne4 29. Qd3 Kg6 30. Ng3 Ndf6 31. Rxf6+ Kxf6 32. Nxe4+ Kg7 33. Qc3+ Re5 34.
Nxg5 Kg8 35. Nf3 Re4 36. Qd3 Rxg4 37. Qf5 Qc8 38. Nfh4 Qxf5 39. Nxf5 Rd8 40.
Nh6+ Kg7 41. Nxg4 f5 42. N4e3 f4 43. Nxf4 Kf6 44. Re1 Rg8+ 45. Neg2 Rg5 46.
Re6+ Kf7 47. Rxd6 1-0

[Event "4NCL Division 3 South"]
[Site "Milton Keynes, ENG"]
[Date "2022.06.26"]
[Round "8.113"]
[White "Banerjee, Supratit"]
[Black "Bakacsi, Zsolt"]
[Result "1-0"]
[WhiteElo "1330"]
[BlackElo "1716"]
[PlyCount "127"]
[EventDate "2022.06.26"]
[WhiteTeam "Barnet Knights D"]
[BlackTeam "Barnet Knights C"]

1. d4 d5 2. Bf4 c5 3. e3 Nf6 4. c3 Nc6 5. Bd3 Bg4 6. Nf3 e6 7. Be2 cxd4 8. exd4
Bd6 9. Ne5 Bxe2 10. Qxe2 O-O 11. Nd2 Bxe5 12. Bxe5 a6 13. O-O Nd7 14. Bg3 b5
15. Rfe1 Nb6 16. Be5 Nxe5 17. Qxe5 Nc4 18. Nxc4 bxc4 19. f4 Qd7 20. Re3 Rab8
21. Rb1 Rb6 22. Re2 Rfb8 23. Rf2 a5 24. h4 a4 25. a3 f6 26. Qe1 Qd6 27. Kh2 Re8
28. Qe3 e5 29. fxe5 fxe5 30. dxe5 Rxe5 31. Qg3 Re4 32. Qxd6 Rxd6 33. Rbf1 h6
34. Rf4 Rde6 35. Rf8+ Kh7 36. g3 d4 37. cxd4 Rxd4 38. R1f2 Re3 39. R8f4 Rxf4
40. Rxf4 Re2+ 41. Kh3 Rc2 42. h5 g5 43. Rf7+ Kg8 44. Rc7 Kf8 45. Kg4 Ke8 46.
Kf5 Rxb2 47. Rxc4 Rb3 48. Rxa4 Rxg3 49. Kg6 Rg1 50. Kxh6 g4 51. Kg7 g3 52. Rg4
g2 53. h6 Ra1 54. h7 g1=Q 55. h8=Q+ Kd7 56. Rxg1 Rxg1+ 57. Kf6 Rf1+ 58. Kg5
Rg1+ 59. Kf4 Kc6 60. Qc3+ Kb7 61. a4 Ka8 62. Qa5+ Kb7 63. Qb5+ Kc8 64. Qc5+ 1-0

[Event "4NCL Division 3 South"]
[Site "Milton Keynes, ENG"]
[Date "2022.06.26"]
[Round "8.114"]
[White "Angelopoulos, Nicos"]
[Black "Michener, Max"]
[Result "0-1"]
[WhiteElo "1641"]
[BlackElo "1317"]
[PlyCount "114"]
[EventDate "2022.06.26"]
[WhiteTeam "Barnet Knights C"]
[BlackTeam "Barnet Knights D"]

1. e4 e5 2. Nf3 Nc6 3. Bc4 Bc5 4. c3 Nf6 5. d3 O-O 6. O-O d6 7. a3 h6 8. Nbd2
Nh7 9. Re1 Ng5 10. Nxg5 Qxg5 11. Nf1 Qg4 12. Qf3 Be6 13. Be3 Bxc4 14. Bxc5 Be6
15. Be3 f5 16. Qg3 Qh5 17. f4 Rf6 18. Nd2 Rg6 19. Qf3 Qxf3 20. Nxf3 fxe4 21.
Nh4 Rf6 22. fxe5 Nxe5 23. dxe4 g5 24. Nf5 Bxf5 25. Rf1 Raf8 26. Rxf5 Rxf5 27.
exf5 Rxf5 28. Rf1 Rxf1+ 29. Kxf1 a6 30. Ba7 Nd7 31. Be3 Kf7 32. g4 Ke6 33. Kf2
Ne5 34. Kg3 Kd5 35. h4 Nf7 36. b3 Ke4 37. hxg5 Kxe3 38. g6 Ng5 39. g7 Ne4+ 40.
Kh4 Nf6 41. g5 hxg5+ 42. Kxg5 Ng8 43. Kg6 Ne7+ 44. Kf7 Nf5 45. g8=Q Nh6+ 46.
Ke7 Nxg8+ 47. Kd7 Nf6+ 48. Kxc7 Ne4 49. c4 b5 50. cxb5 axb5 51. Kc6 Nc3 52. a4
Nxa4 53. Kxd6 Kd4 54. Kc6 Nc3 55. Kb6 Kd5 56. Ka6 Kc6 57. Ka5 Kc5 0-1

[Event "4NCL Division 3 South"]
[Site "Milton Keynes, ENG"]
[Date "2022.06.26"]
[Round "8.115"]
[White "Sanfey, Peter"]
[Black "Veselow, Zoe"]
[Result "0-1"]
[WhiteElo "1256"]
[BlackElo "1576"]
[PlyCount "104"]
[EventDate "2022.06.26"]
[WhiteTeam "Barnet Knights D"]
[BlackTeam "Barnet Knights C"]

1. e4 c5 2. Nf3 e6 3. Nc3 a6 4. b3 Qc7 5. Bb2 b5 6. d4
cxd4 7. Nxd4 Bb4 8. Qd2 Nf6 9. Bd3 Bb7 10. f3 d5 11. a3 Bxc3 12. Bxc3 dxe4 13.
fxe4 Nxe4 14. Bxe4 Bxe4 15. O-O O-O 16. Rae1 Bg6 17. Nxe6 fxe6 18. Rxf8+ Kxf8
19. Bb4+ Kg8 20. Rxe6 Bf7 21. Qd5 Qb6+ 22. Kh1 Qxe6 23. Qxa8 Qe5 24. Bc3 Qd6
25. Qf3 Nc6 26. Qg4 Qg6 27. Qd1 Qg5 28. Bd2 Qe5 29. Be1 Bd5 30. Bg3 Qe4 31. Qd2
Nd4 32. Qf2 Nxc2 33. Bd6 Qe1+ 34. Qxe1 Nxe1 35. Kg1 Bxb3 36. Kf2 Nc2 37. Ke2 a5
38. Kd3 b4 39. axb4 Nxb4+ 40. Kc3 Bd5 41. g3 Nc6 42. h4 Kf7 43. g4 Ke6 44. Bf8
g6 45. g5 Kf5 46. Bc5 Kf4 47. Bf8 a4 48. Bc5 Kf3 49. Bd6 Bb3 50. Bh2 Ne7 51.
Kb4 Nf5 52. Bg1 Nxh4 0-1

[Event "4NCL Division 3 South"]
[Site "Milton Keynes, ENG"]
[Date "2022.06.26"]
[Round "8.116"]
[White "Angelopoulos, Andreas"]
[Black "Pochalwar, Siddhant"]
[Result "1-0"]
[WhiteElo "1536"]
[BlackElo "1187"]
[PlyCount "147"]
[EventDate "2022.06.26"]
[WhiteTeam "Barnet Knights C"]
[BlackTeam "Barnet Knights D"]

1. d4 Nf6 2. c4 e6 3. Nc3 d5 4. e3 Nc6 5. Nf3 Bb4 6. a3 Bxc3+ 7. bxc3 Bd7 8.
Bd3 Ne4 9. Qc2 f5 10. cxd5 exd5 11. c4 Be6 12. Nd2 O-O 13. cxd5 Bxd5 14. Nxe4
fxe4 15. Bxe4 Bxe4 16. Qxe4 Re8 17. Qd3 Nxd4 18. Kf1 Ne6 19. Qc2 Qd6 20. Bb2
Qa6+ 21. Qe2 Qxe2+ 22. Kxe2 Nf4+ 23. Kf3 Nd3 24. Bd4 Ne5+ 25. Bxe5 Rxe5 26.
Rac1 c6 27. Rhd1 Rf8+ 28. Ke2 Rd5 29. Rxd5 cxd5 30. f3 g5 31. Rc5 Rd8 32. Rc7
d4 33. Rxb7 d3+ 34. Kd2 a6 35. Rb6 a5 36. Rb5 a4 37. Rxg5+ Kf7 38. Rh5 Kg6 39.
Ra5 Rb8 40. Ra6+ Kg7 41. g4 Rb2+ 42. Kxd3 Rxh2 43. Rxa4 Rh6 44. Ra7+ Kg8 45.
Ra4 Rd6+ 46. Rd4 Ra6 47. a4 Rh6 48. Rd5 Rb6 49. Ke4 Rh6 50. a5 Ra6 51. f4 Re6+
52. Re5 Rh6 53. Kf5 Rg6 54. Re6 Rg7 55. Kf6 Rf7+ 56. Ke5 Rg7 57. g5 Rc7 58. Rd6
Re7+ 59. Re6 Rc7 60. a6 Rc5+ 61. Kf6 Rc8 62. a7 Rf8+ 63. Ke5 Ra8 64. Re7 Rc8
65. Rb7 Re8+ 66. Kf5 Rf8+ 67. Kg4 h5+ 68. Kxh5 Rf5 69. a8=Q+ Rf8 70. Rb8 Rxb8
71. Qxb8+ Kf7 72. Qd6 Kg8 73. Kg6 Kh8 74. Qf8# 1-0

[Event "4NCL Division 3 South"]
[Site "Milton Keynes, ENG"]
[Date "2022.06.26"]
[Round "8.121"]
[White "Wells, Daniel J"]
[Black "Fancy, Stuart"]
[Result "0-1"]
[WhiteElo "1996"]
[BlackElo "1979"]
[PlyCount "50"]
[EventDate "2022.06.26"]
[WhiteTeam "War and Piece A"]
[BlackTeam "Hackney Returns"]

1. e4 Nc6 2. Nc3 d6 3. d4 e5 4. Bb5 exd4 5. Bxc6+ bxc6 6. Qxd4 Qf6 7. Nf3 Qg6
8. O-O Bh3 9. Ne1 Be7 10. f4 Bd7 11. f5 Qf6 12. Qd3 Qe5 13. Nf3 Qa5 14. Bd2
Qb6+ 15. Be3 Qb7 16. e5 O-O-O 17. a4 h5 18. Ra3 a6 19. Rb3 Qa8 20. Qe4 d5 21.
Qd3 Nh6 22. Ng5 d4 23. Qxd4 Bxf5 24. Qa7 Qxa7 25. Bxa7 Bxg5 0-1

[Event "4NCL Division 3 South"]
[Site "Milton Keynes, ENG"]
[Date "2022.06.26"]
[Round "8.122"]
[White "Chin, Francis Choy Wan"]
[Black "Tucker, David S"]
[Result "1/2-1/2"]
[WhiteElo "1906"]
[BlackElo "1906"]
[PlyCount "56"]
[EventDate "2022.06.26"]
[WhiteTeam "Hackney Returns"]
[BlackTeam "War and Piece A"]

1. d4 c5 2. d5 Nf6 3. c4 g6 4. Nc3 Bg7 5. g3 O-O 6. Bg2 d6 7. e4 e6 8. Nge2 Re8
9. O-O exd5 10. cxd5 b5 11. e5 Rxe5 12. Bf4 Re7 13. Nxb5 Ne8 14. Nec3 a6 15.
Na3 Nd7 16. Nc4 Nb6 17. Na5 Bb7 18. Nc6 Bxc6 19. dxc6 Rc8 20. Qd3 c4 21. Qd2
Bxc3 22. bxc3 d5 23. Rad1 Rxc6 24. Bxd5 Nxd5 25. Qxd5 Qxd5 26. Rxd5 Nf6 27. Re5
Rxe5 28. Bxe5 Kf8 1/2-1/2

[Event "4NCL Division 3 South"]
[Site "Milton Keynes, ENG"]
[Date "2022.06.26"]
[Round "8.123"]
[White "Morrison, Munroe L"]
[Black "Robinson, Adam"]
[Result "0-1"]
[WhiteElo "1710"]
[BlackElo "1940"]
[PlyCount "62"]
[EventDate "2022.06.26"]
[WhiteTeam "War and Piece A"]
[BlackTeam "Hackney Returns"]

1. e4 c5 2. Nf3 Nc6 3. Bb5 g6 4. O-O Bg7 5. Re1 Nf6 6. e5 Nd5 7. Nc3 Nxc3 8.
bxc3 O-O 9. d4 d6 10. Bf4 dxe5 11. Nxe5 Nxe5 12. Bxe5 Qa5 13. Bxg7 Kxg7 14. Qd3
Bf5 15. Qe2 Qxc3 16. Qxe7 a6 17. Bd7 Rad8 18. Qe5+ Kg8 19. Ba4 b5 20. Bb3 Rfe8
21. Qxe8+ Rxe8 22. Rxe8+ Kg7 23. Rae1 c4 24. d5 cxb3 25. cxb3 Be6 26. Rd1 Bxd5
27. h4 Qc6 28. Re3 Bxg2 29. Rg3 Be4 30. h5 Qc2 31. Rd4 Qc1+ 0-1

[Event "4NCL Division 3 South"]
[Site "Milton Keynes, ENG"]
[Date "2022.06.26"]
[Round "8.124"]
[White "Friel, Jamie"]
[Black "Parsons, Ben D"]
[Result "1-0"]
[WhiteElo "1651"]
[BlackElo "1413"]
[PlyCount "57"]
[EventDate "2022.06.26"]
[WhiteTeam "Hackney Returns"]
[BlackTeam "War and Piece A"]

1. d4 d5 2. Bf4 e6 3. Nf3 Bd6 4. Bg3 b6 5. e3 Bb7 6. Bb5+ Bc6 7. Bd3 Nf6 8.
Nbd2 Ne4 9. Ne5 O-O 10. Nxc6 Nxc6 11. Nxe4 dxe4 12. Bxe4 Qd7 13. Qh5 f5 14. Bf3
Rad8 15. d5 Nb4 16. O-O Bxg3 17. dxe6 Bxf2+ 18. Rxf2 Qxe6 19. Re2 Qd6 20. Qh4
Qc5 21. c3 Nc6 22. Ree1 f4 23. b4 Qc4 24. Rad1 Ne5 25. Rxd8 Nxf3+ 26. gxf3 Rxd8
27. Qxd8+ Kf7 28. exf4 Qxf4 29. Qe8+ 1-0

[Event "4NCL Division 3 South"]
[Site "Milton Keynes, ENG"]
[Date "2022.06.26"]
[Round "8.125"]
[White "Turnbull, Harry"]
[Black "Saunois, Anthony"]
[Result "0-1"]
[WhiteElo "1400"]
[BlackElo "1133"]
[PlyCount "39"]
[EventDate "2022.06.26"]
[WhiteTeam "War and Piece A"]
[BlackTeam "Hackney Returns"]

1. e4 d6 2. d4 Nf6 3. Nc3 g6 4. Bc4 Bg7 5. h3 Nxe4 6. Nxe4 d5 7. Bxd5 Qxd5 8.
Nc3 Qxg2 9. Qf3 Qxf3 10. Nxf3 O-O 11. Bf4 Na6 12. O-O-O Bf5 13. Nb5 c6 14. Nc3
b5 15. a3 b4 16. axb4 Nxb4 17. Ne1 Rad8 18. Ne2 c5 19. d5 Nxd5 20. Ng3 0-1

[Event "4NCL Division 3 South"]
[Site "Milton Keynes, ENG"]
[Date "2022.06.26"]
[Round "8.131"]
[White "Patel, Rishi"]
[Black "Chilton, James I"]
[Result "1-0"]
[WhiteElo "1908"]
[BlackElo "1727"]
[PlyCount "169"]
[EventDate "2022.06.26"]
[WhiteTeam "Cambridge University 3"]
[BlackTeam "Wessex Some Stars C"]

1. e4 c5 2. Nf3 e6 3. d4 cxd4 4. Nxd4 a6 5. Bd3 Nc6 6. Be3 Qc7 7. O-O Nf6 8.
Nc3 Bd6 9. g3 O-O 10. Re1 b5 11. a3 Bb7 12. Nde2 Ne5 13. Nf4 g5 14. Nh5 Nxh5
15. Qxh5 g4 16. Bh6 Rfe8 17. Qg5+ Ng6 18. Qxg4 Kh8 19. Qh5 Qc6 20. Rad1 f5 21.
f3 Bc5+ 22. Be3 Qb6 23. Bxc5 Qxc5+ 24. Kh1 Qc6 25. Rf1 f4 26. gxf4 e5 27. fxe5
Rxe5 28. Qh6 Qc5 29. Nd5 Re6 30. b4 Qc8 31. Rg1 Qf8 32. Qxf8+ Rxf8 33. Rg3 Ne5
34. Be2 Rc8 35. Rd2 Rf8 36. Kg2 Ng6 37. Kf2 Rxe4 38. Nc3 Re7 39. Nd5 Re5 40.
Nb6 Rh5 41. Rxd7 Rxh2+ 42. Kf1 Nf4 43. Bd1 Nh5 44. Rg2 Rh1+ 45. Kf2 Be4 46. c4
Bf5 47. Rd6 Nf4 48. Rg3 Nd3+ 49. Ke2 Rh2+ 50. Ke3 Re8+ 51. Kd4 Rd2 52. Rg1 Nf2+
53. Kc5 Rxd6 54. Kxd6 Nxd1 55. c5 Ne3 56. Rg5 Re6+ 57. Kc7 Rg6 58. Rh5 Rg7+ 59.
Kd6 Bg6 60. Re5 Nf5+ 61. Kd5 Ne7+ 62. Kd6 Be8 63. Rxe7 Rg6+ 64. Re6 h5 65. Rxg6
Bxg6 66. Ke5 h4 67. Kf4 Bf5 68. c6 h3 69. Kg3 Kg7 70. c7 Kf6 71. c8=Q Bxc8 72.
Nxc8 Ke5 73. Kxh3 Kd4 74. Kg4 Kc3 75. f4 Kb3 76. f5 Kxa3 77. f6 Kxb4 78. f7 Ka4
79. f8=Q a5 80. Qc5 b4 81. Nb6+ Kb3 82. Qxa5 Kc3 83. Nd5+ Kb2 84. Qxb4+ Ka1 85.
Kf3 1-0

[Event "4NCL Division 3 South"]
[Site "Milton Keynes, ENG"]
[Date "2022.06.26"]
[Round "8.132"]
[White "Deacon, Nicholas"]
[Black "Dhemrait, Jagdeep"]
[Result "0-1"]
[WhiteElo "1402"]
[BlackElo "1816"]
[PlyCount "62"]
[EventDate "2022.06.26"]
[WhiteTeam "Wessex Some Stars C"]
[BlackTeam "Cambridge University 3"]

1. d4 c5 2. c4 cxd4 3. Nf3 Qa5+ 4. Bd2 Qb6 5. Qb3 Nc6 6. e3 Qxb3 7. axb3 dxe3
8. Bxe3 e5 9. Be2 Nf6 10. O-O Be7 11. Nc3 O-O 12. Nd5 Bd8 13. Bc5 Re8 14. b4
Nxd5 15. cxd5 b6 16. Bd6 Nd4 17. Bd1 Nxf3+ 18. Bxf3 f5 19. Rfe1 Bf6 20. Rac1 e4
21. Bh5 g6 22. Be2 Bxb2 23. Rc2 Be5 24. Bxe5 Rxe5 25. Bc4 d6 26. Bb3 Bb7 27.
Rd2 Rc8 28. Red1 Rc3 29. Ba2 Ba6 30. h3 Kf7 31. g3 e3 0-1

[Event "4NCL Division 3 South"]
[Site "Milton Keynes, ENG"]
[Date "2022.06.26"]
[Round "8.133"]
[White "Nettleton, Robin"]
[Black "Deacon, Matthew"]
[Result "1/2-1/2"]
[WhiteElo "1341"]
[BlackElo "1258"]
[PlyCount "51"]
[EventDate "2022.06.26"]
[WhiteTeam "Cambridge University 3"]
[BlackTeam "Wessex Some Stars C"]

1. d4 Nf6 2. Bf4 g6 3. e3 Bg7 4. Bd3 O-O 5. Nf3 b6 6. O-O Bb7 7. c3 d6 8. Re1
Nbd7 9. Qe2 Ne8 10. Nbd2 Kh8 11. e4 e5 12. dxe5 Nxe5 13. Nxe5 dxe5 14. Bg3 Qe7
15. Rf1 Nd6 16. f4 f5 17. fxe5 Bxe5 18. Bxe5+ Qxe5 19. exf5 Qxe2 20. Bxe2 Nxf5
21. Bf3 Bxf3 22. Rxf3 Rfe8 23. g4 Rad8 24. gxf5 Rxd2 25. fxg6 hxg6 26. Rf2
1/2-1/2

[Event "4NCL Division 3 South"]
[Site "Milton Keynes, ENG"]
[Date "2022.06.26"]
[Round "8.134"]
[White "Smith, Steven J"]
[Black "Mead-Herbert, Bradley"]
[Result "1-0"]
[WhiteElo "1836"]
[BlackElo "1562"]
[PlyCount "84"]
[EventDate "2022.06.26"]
[WhiteTeam "Wessex Some Stars C"]
[BlackTeam "Watford B"]

1. d4 e5 2. dxe5 Nc6 3. Nf3 Bc5 4. Bg5 Nge7 5. Nbd2 O-O 6. e3 d5 7. Nb3 Bb6 8.
Be2 Qe8 9. O-O Bf5 10. Nbd4 Be4 11. c3 Ng6 12. Kh1 Ncxe5 13. Nxe5 Nxe5 14. f3
Bg6 15. f4 Nc4 16. Bxc4 dxc4 17. f5 f6 18. fxg6 fxg5 19. gxh7+ Kh8 20. Rxf8+
Qxf8 21. Qf3 Qxf3 22. gxf3 Kxh7 23. Re1 c5 24. Nc2 Bc7 25. e4 Rf8 26. Kg2 Kg6
27. Ne3 Rh8 28. h3 b5 29. Rd1 Rd8 30. Rxd8 Bxd8 31. Nd5 Bb6 32. Kg3 Bd8 33. Kg4
a5 34. e5 Kf7 35. Kf5 g6+ 36. Ke4 Ke6 37. f4 b4 38. fxg5 Bxg5 39. Nc7+ Kd7 40.
Nb5 Kc6 41. Nd6 b3 42. a4 Kb6 1-0